[Event "Titled Tue 10th Jun Late"]
[Site "chess.com INT"]
[Date "2025.06.10"]
[Round "2"]
[White "Sanal, Vahap"]
[Black "Boci, Mateu"]
[Result "1-0"]
[WhiteTitle "GM"]
[BlackTitle "FM"]
[WhiteElo "2564"]
[BlackElo "2274"]
[WhiteFideId "6300545"]
[BlackFideId "4704665"]
[EventDate "2025.06.10"]

1. e4 c5 2. Nf3 Nc6 3. Bb5 d6 4. O-O Nf6 5. Re1 Bd7 6. c3 a6 7. Bf1 Bg4 8. d3 e6
9. h3 Bxf3 10. Qxf3 Be7 11. Nd2 O-O 12. Qd1 d5 13. e5 Nd7 14. Nf3 b5 15. d4 b4
16. Be3 bxc3 17. bxc3 Qa5 18. Bd2 Qc7 19. Bd3 Rab8 20. Qc2 g6 21. Bh6 Rfd8 22.
Bxa6 Qa7 23. Bf1 cxd4 24. cxd4 Nxd4 25. Nxd4 Qxd4 26. Be3 Qxe5 27. Ba7 Qb2 28.
Qd3 Ra8 29. Bd4 Qa3 30. Qd2 Bf6 31. Bb5 Bxd4 32. Qxd4 Rab8 33. Re3 Qc5 34. Qxc5
Nxc5 35. a4 d4 36. Re5 Nb3 37. Rb1 d3 38. Ree1 d2 39. Red1 Nc5 40. Kf1 Ne4 41.
Rb2 Rd5 42. f3 Nc3 43. Rdxd2 Rxd2 44. Rxd2 Nxb5 45. Rb2 Kf8 46. axb5 Ke7 47. Ke2
Kd6 48. Rd2+ Ke7 49. Rb2 Rb7 50. Kd3 Kd7 51. Kc4 Kc7 52. Kc5 Rb8 53. Rd2 h5 54.
f4 h4 55. Ra2 Rb7 56. Ra6 Kd7 57. b6 f6 58. Ra7 Kc8 59. Kc6 Rb8 60. Rh7 1-0

[Event "Titled Tue 10th Jun Late"]
[Site "chess.com INT"]
[Date "2025.06.10"]
[Round "2"]
[White "Morris-Suzuki, Alan H"]
[Black "Woodward, Andy"]
[Result "0-1"]
[BlackTitle "GM"]
[WhiteElo "1987"]
[BlackElo "2567"]
[WhiteFideId "30933218"]
[BlackFideId "30953499"]
[EventDate "2025.06.10"]

1. Nf3 d5 2. g3 a6 3. Bg2 g6 4. c4 dxc4 5. a4 Nc6 6. Na3 Be6 7. Ng5 Bd7 8. Nxc4
Bg7 9. Qb3 e6 10. d3 Nd4 11. Qd1 Ne7 12. e3 Bc6 13. Ne4 Ndf5 14. h4 h5 15. O-O
O-O 16. Qc2 Bd5 17. Bd2 Nd6 18. Bc3 Nxe4 19. Bxg7 Kxg7 20. dxe4 Bxc4 21. Qxc4
Nc6 22. Rad1 Qf6 23. f4 Qxb2 24. Rb1 Qd2 25. Qc5 Rab8 26. Rfd1 Qa5 27. Qc2 Rfd8
28. e5 Ne7 29. Rxd8 Rxd8 30. Bxb7 Nf5 31. Be4 Nxe3 32. Qf2 Qc3 33. Re1 Ng4 0-1

[Event "Titled Tue 10th Jun Late"]
[Site "chess.com INT"]
[Date "2025.06.10"]
[Round "2"]
[White "Ferraz, Michel Liah"]
[Black "Sahbudak, Baris Cinar"]
[Result "0-1"]
[BlackTitle "CM"]
[WhiteElo "2007"]
[BlackElo "2072"]
[WhiteFideId "22743219"]
[BlackFideId "26351633"]
[EventDate "2025.06.10"]

1. d4 Nf6 2. c4 g6 3. Nc3 d5 4. Nf3 Bg7 5. Bg5 Ne4 6. Bf4 Nxc3 7. bxc3 dxc4 8.
e3 O-O 9. Bxc4 c6 10. a4 Nd7 11. O-O Nb6 12. Bd3 Nd5 13. Bg3 Nxc3 14. Qb3 Nd5
15. e4 Nf6 16. a5 Nh5 17. Bh4 Nf4 18. Bc4 Bg4 19. Ne5 Be2 20. Bxf7+ Kh8 21. Rfe1
Qxd4 22. Nf3 Bxf3 23. gxf3 Nh3+ 24. Kg2 Nf4+ 25. Kg1 g5 26. Rad1 Qf6 27. Bg3
Qxf7 28. Qxb7 e5 29. Rd7 Qg6 30. Red1 g4 31. R1d6 Nh3+ 32. Kf1 Qg5 33. f4 exf4
34. Bxf4 Qxf4 35. Rxg7 Qxf2# 0-1

[Event "Titled Tue 10th Jun Late"]
[Site "chess.com INT"]
[Date "2025.06.10"]
[Round "2"]
[White "Demirtas, Alper"]
[Black "Tahbaz, Arash"]
[Result "0-1"]
[WhiteTitle "CM"]
[BlackTitle "IM"]
[WhiteElo "2205"]
[BlackElo "2462"]
[WhiteFideId "44576781"]
[BlackFideId "12528846"]
[EventDate "2025.06.10"]

1. Nf3 Nf6 2. c4 g6 3. g3 Bg7 4. Bg2 O-O 5. O-O d6 6. d4 Nbd7 7. Nc3 e5 8. h3
Re8 9. e4 b6 10. Re1 exd4 11. Nxd4 Bb7 12. Nd5 Nxd5 13. cxd5 Bxd5 14. Nf5 gxf5
15. Qxd5 fxe4 16. Bg5 Nf6 17. Bxf6 Qxf6 18. Rxe4 Rac8 19. Rae1 Rxe4 20. Rxe4 c6
21. Qh5 d5 22. Re2 Rd8 23. Rc2 Qg6 24. Qe2 c5 25. Rd2 Qe6 26. Qd1 d4 27. Re2
Qxa2 28. Re7 d3 29. Qd2 Qxb2 30. Qf4 Qa1+ 31. Kh2 Qf6 32. Qc7 Rf8 33. Rd7 Qf5
34. Qxa7 Bd4 0-1

[Event "Titled Tue 10th Jun Late"]
[Site "chess.com INT"]
[Date "2025.06.10"]
[Round "2"]
[White "Manukyan, Sargis A."]
[Black "Deac, Bogdan-Daniel"]
[Result "0-1"]
[WhiteTitle "FM"]
[BlackTitle "GM"]
[WhiteElo "2294"]
[BlackElo "2674"]
[WhiteFideId "13303970"]
[BlackFideId "1226380"]
[EventDate "2025.06.10"]

1. d4 Nf6 2. c4 e6 3. Nc3 Bb4 4. e3 d5 5. a3 Be7 6. b4 O-O 7. Bb2 b6 8. Bd3 Bb7
9. c5 c6 10. Nge2 a5 11. O-O Ba6 12. Bxa6 Rxa6 13. Qd3 Qc8 14. f4 Qb7 15. Rfb1
axb4 16. axb4 Rxa1 17. Rxa1 bxc5 18. dxc5 Qxb4 19. Ba3 Qb7 20. Rb1 Qa7 21. Bb4
Bxc5 22. Bxc5 Qxc5 23. Nd4 Qa7 24. Qd1 c5 25. Ndb5 Qa5 26. Ra1 Qb6 27. Rb1 Nbd7
28. h3 Rb8 29. Kh2 h6 30. e4 Qc6 31. e5 Ne8 32. Na7 Rxb1 33. Qxb1 Qb6 34. Nab5
Nc7 35. Nxc7 Qxc7 36. Qb4 cxb4 0-1

[Event "Titled Tue 10th Jun Late"]
[Site "chess.com INT"]
[Date "2025.06.10"]
[Round "2"]
[White "Sakmak, Kutay"]
[Black "Yevchenko, Oleksandr"]
[Result "1-0"]
[WhiteTitle "CM"]
[BlackTitle "CM"]
[WhiteElo "2158"]
[BlackElo "2276"]
[WhiteFideId "44581939"]
[BlackFideId "14108267"]
[EventDate "2025.06.10"]

1. e4 c5 2. Nf3 d6 3. d4 cxd4 4. Nxd4 Nf6 5. Nc3 a6 6. h3 e5 7. Nde2 Be6 8. g4
Be7 9. Bg2 b5 10. Ng3 g6 11. Bh6 Nbd7 12. O-O Nb6 13. Re1 Qc7 14. f4 Qc5+ 15.
Kh2 exf4 16. Bxf4 Nc4 17. Nd5 Bxd5 18. exd5 Kd7 19. g5 Ng8 20. b3 Nb6 21. Qg4+
Kd8 22. Ne4 Qc7 23. c4 h5 24. Qg3 bxc4 25. Nxd6 Bxd6 26. Bxd6 Qd7 27. Be5 Rh7
28. bxc4 Nxc4 29. Rac1 Rc8 30. Ba1 h4 31. Qf4 f5 32. Rxc4 Rxc4 33. Qxc4 Ne7 34.
Bf6 f4 35. Qxf4 Rf7 36. Qb8+ Qc8 37. Qxc8+ Kxc8 38. Rxe7 1-0

[Event "Titled Tue 10th Jun Late"]
[Site "chess.com INT"]
[Date "2025.06.10"]
[Round "2"]
[White "Hernandez Santos, David Ale"]
[Black "Bulgak, Damir"]
[Result "0-1"]
[WhiteTitle "CM"]
[WhiteElo "1742"]
[BlackElo "2213"]
[WhiteFideId "5132002"]
[BlackFideId "13528882"]
[EventDate "2025.06.10"]

1. d4 Nf6 2. Nc3 d5 3. Bf4 c5 4. e4 cxd4 5. Qxd4 Nc6 6. Bb5 Bd7 7. Bxc6 Bxc6 8.
e5 Nd7 9. e6 fxe6 10. Nf3 Qb6 11. Qd2 g6 12. Be3 Qxb2 13. Rb1 Qa3 14. Bd4 Rg8
15. O-O Qd6 16. Rfe1 Bg7 17. Bxg7 Rxg7 18. Qh6 Kf8 19. Ng5 e5 20. Nxh7+ Kg8 21.
Ng5 Nf6 22. h3 Rf8 23. Nf3 d4 24. Nb5 Bxb5 25. Rxb5 e4 26. Nd2 Qc6 27. Re5 Qxc2
28. Nb3 Ng4 29. Qd2 Qxd2 30. Nxd2 Nxf2 31. R1xe4 Nxe4 32. Nxe4 Rf5 33. Rxe7 Rxe7 0-1

[Event "Titled Tue 10th Jun Late"]
[Site "chess.com INT"]
[Date "2025.06.10"]
[Round "2"]
[White "Durarbayli, Vasif"]
[Black "Achuthan, Aryan"]
[Result "1-0"]
[WhiteTitle "GM"]
[WhiteElo "2612"]
[BlackElo "2087"]
[WhiteFideId "13402935"]
[BlackFideId "30982294"]
[EventDate "2025.06.10"]

1. e4 e5 2. Nf3 Nc6 3. d4 exd4 4. Nxd4 Bc5 5. Nb3 Bb6 6. Qe2 Nge7 7. Nc3 O-O 8.
Be3 d6 9. O-O-O f5 10. f4 fxe4 11. Bxb6 axb6 12. Qxe4 Bg4 13. Re1 Kh8 14. h3 Bf5
15. Qf3 Qd7 16. g4 Be6 17. Kb1 Ng6 18. f5 Nge5 19. Qd1 Bg8 20. Bb5 Qe7 21. Rhf1
Qf7 22. g5 Qe7 23. h4 Rad8 24. Nd4 Nxd4 25. Qxd4 c6 26. Bd3 Qc7 27. f6 Rf7 28.
fxg7+ Kxg7 29. h5 Rdf8 30. Rxf7+ Bxf7 31. h6+ Kg8 32. Ne4 Bxa2+ 33. Kxa2 Nf3 34.
Nf6+ Rxf6 35. Qxf6 Nxe1 36. Bf5 1-0

[Event "Titled Tue 10th Jun Late"]
[Site "chess.com INT"]
[Date "2025.06.10"]
[Round "2"]
[White "Martinez Fernandez, Adrian"]
[Black "Garcia Correa, Jose Ricardo"]
[Result "1-0"]
[WhiteTitle "IM"]
[BlackTitle "FM"]
[WhiteElo "2404"]
[BlackElo "2103"]
[WhiteFideId "32049048"]
[BlackFideId "5101832"]
[EventDate "2025.06.10"]

1. e4 e5 2. Nf3 Nc6 3. Bc4 Bc5 4. c3 Qf6 5. b4 Bb6 6. b5 Nce7 7. d4 exd4 8. cxd4
Qg6 9. O-O Qxe4 10. Bxf7+ Kf8 11. Nc3 Qf5 12. Bb3 Nf6 13. Bc2 Qh5 14. Re1 d6 15.
h3 Bd7 16. Bg5 h6 17. Bxf6 gxf6 18. Qd3 Rg8 19. Kh2 Bf5 20. Qd1 Bxc2 21. Qxc2
Qg6 22. Qxg6 Nxg6 23. g3 a6 24. Nd5 axb5 25. Nxb6 cxb6 26. Re6 Kf7 27. Rxd6 Ra3
28. Nd2 Re8 29. Kg2 Re6 30. Rd7+ Re7 31. Rd5 Re2 32. Nb3 Ne7 33. Rxb5 Raxa2 34.
Rxa2 Rxa2 35. Rxb6 Nd5 36. Rxb7+ Kg6 37. Nc5 Rd2 38. Ne6 Ne3+ 39. Kf3 Nd1 40.
Nf4+ Kg5 41. Rg7+ Kf5 42. g4# 1-0

[Event "Titled Tue 10th Jun Late"]
[Site "chess.com INT"]
[Date "2025.06.10"]
[Round "2"]
[White "Tekeyev, Zaur"]
[Black "Maghsoodloo, Parham"]
[Result "0-1"]
[WhiteTitle "IM"]
[BlackTitle "GM"]
[WhiteElo "2407"]
[BlackElo "2691"]
[WhiteFideId "4199731"]
[BlackFideId "12539929"]
[EventDate "2025.06.10"]

1. e4 c5 2. Nf3 e6 3. d4 cxd4 4. Nxd4 a6 5. c4 Nf6 6. Nc3 Bb4 7. Qd3 d6 8. Be2
Nbd7 9. f3 Ne5 10. Qd1 O-O 11. Nc2 Bxc3+ 12. bxc3 Qc7 13. Ne3 b5 14. Ba3 Rd8 15.
Qd4 Nc6 16. Qd2 bxc4 17. Nxc4 d5 18. exd5 exd5 19. Nb2 d4 20. Bc5 dxc3 21. Qxc3
Nd5 22. Qa3 Nf4 23. Rd1 Re8 24. Rd2 Nxg2+ 25. Kf2 Qf4 26. Qd3 Bh3 27. Bd6 Qf6
28. Rg1 Nf4 29. Bxf4 Qxf4 30. Rg3 Bf5 31. Qc3 Ne5 32. Nc4 Rac8 33. Qd4 Qh6 34.
Kg2 Nxc4 35. Bxc4 Rxc4 0-1

[Event "Titled Tue 10th Jun Late"]
[Site "chess.com INT"]
[Date "2025.06.10"]
[Round "2"]
[White "Xia, Joshua"]
[Black "Rustemov, Alexander"]
[Result "0-1"]
[BlackTitle "GM"]
[WhiteElo "2035"]
[BlackElo "2525"]
[WhiteFideId "30987830"]
[BlackFideId "4119002"]
[EventDate "2025.06.10"]

1. e4 e6 2. d4 d5 3. Nd2 dxe4 4. Nxe4 Bd7 5. Nf3 Bc6 6. Bd3 Nd7 7. O-O Ngf6 8.
Re1 Nxe4 9. Bxe4 Bxe4 10. Rxe4 Nf6 11. Re1 Be7 12. c4 O-O 13. Bf4 c6 14. Qd3 Re8
15. Rad1 Qb6 16. b3 Rad8 17. Qc2 h6 18. Be5 Qa5 19. Re3 Ng4 20. Red3 Nxe5 21.
dxe5 Rxd3 22. Rxd3 Rd8 23. h3 Bc5 24. Rd2 g6 25. Qd1 Rxd2 26. Nxd2 Qd8 27. Qe2
Qd4 28. Nf3 Qa1+ 29. Kh2 Kg7 30. Qd2 Qb1 31. Qf4 Qxa2 32. Qf6+ Kg8 33. Qd8+ Bf8
34. Nd2 Qc2 35. f4 Qf5 36. Kg3 g5 37. fxg5 Qxe5+ 38. Kf2 Qxg5 39. Qd7 b5 40. Nf3
Qc5+ 41. Kg3 bxc4 42. bxc4 Qxc4 43. Ne5 Qc3+ 44. Kf4 Qb4+ 45. Kf3 Qe7 46. Qxc6
Qf6+ 47. Ke4 Qf5+ 48. Kd4 Bg7 49. Qa8+ Kh7 0-1

[Event "Titled Tue 10th Jun Late"]
[Site "chess.com INT"]
[Date "2025.06.10"]
[Round "2"]
[White "Aung Thant Zin"]
[Black "Shi, Roger V"]
[Result "1-0"]
[WhiteTitle "FM"]
[WhiteElo "2268"]
[BlackElo "2137"]
[WhiteFideId "13000063"]
[BlackFideId "30980119"]
[EventDate "2025.06.10"]

1. e4 e5 2. Nf3 Nc6 3. d4 exd4 4. Nxd4 Bc5 5. Nb3 Bb6 6. a4 a6 7. Bc4 d6 8. O-O
Nf6 9. Nc3 O-O 10. Bg5 Ne5 11. Be2 Be6 12. Nd4 h6 13. Bh4 Ng6 14. Bg3 Re8 15.
Nxe6 Rxe6 16. Bd3 Qe8 17. Kh1 Nxe4 18. Nxe4 Rxe4 19. Bxe4 Qxe4 20. Qd3 Qb4 21.
c3 Qc5 22. b4 Qg5 23. f4 Qf6 24. f5 Ne5 25. Bxe5 Qxe5 26. f6 g6 27. Rae1 Qg5 28.
a5 Ba7 29. Re7 Rc8 30. Qe4 Qb5 31. Re1 Kf8 32. Rxf7+ Kg8 33. Qe7 Qd5 34. Rf8+
Rxf8 35. Qg7# 1-0

[Event "Titled Tue 10th Jun Late"]
[Site "chess.com INT"]
[Date "2025.06.10"]
[Round "2"]
[White "Sindarov, Islombek"]
[Black "Lacasa Diaz, Josep Anton"]
[Result "1-0"]
[WhiteTitle "CM"]
[BlackTitle "IM"]
[WhiteElo "2129"]
[BlackElo "2315"]
[WhiteFideId "14205475"]
[BlackFideId "2203375"]
[EventDate "2025.06.10"]

1. Nf3 d5 2. g3 Nf6 3. Bg2 c5 4. O-O e6 5. d3 Nc6 6. Nbd2 b5 7. e4 Be7 8. exd5
exd5 9. c4 bxc4 10. dxc4 d4 11. Nxd4 Nxd4 12. Bxa8 O-O 13. Bg2 h5 14. Nf3 Ng4
15. h3 Nf6 16. Be3 Nxf3+ 17. Qxf3 Qb6 18. b3 a5 19. Rad1 a4 20. Rfe1 Re8 21. Bg5
Be6 22. Bxf6 Bxf6 23. Qxh5 axb3 24. axb3 Bd4 25. Bd5 Qxb3 26. Qf3 Qxf3 27. Bxf3
Rb8 28. Bd5 Bxh3 29. Re7 Be6 30. Bxe6 fxe6 31. Rxe6 Rb2 32. Rxd4 cxd4 33. Rd6
Rd2 34. Kf1 d3 35. Ke1 Re2+ 36. Kf1 Rc2 37. Rxd3 Rxc4 38. Rd7 Kh7 39. Kg2 Kh6
40. f4 Ra4 41. Kh3 Ra1 42. Rd6+ Kh7 43. Kg4 Ra3 44. Kh4 Ra1 45. Rd7 Kh6 46. Rd6+
Kh7 47. g4 Ra4 48. Kg5 Ra1 49. f5 Rf1 50. Rd3 Rf2 51. Rh3+ Kg8 52. Kg6 Ra2 53.
g5 Ra6+ 54. f6 gxf6 55. gxf6 Ra7 56. Rb3 Ra8 57. Rb7 Rc8 58. Rg7+ Kh8 59. Rh7+
Kg8 60. f7+ 1-0

[Event "Titled Tue 10th Jun Late"]
[Site "chess.com INT"]
[Date "2025.06.10"]
[Round "2"]
[White "Sobek, Jaroslav"]
[Black "Garcia, Jhoel"]
[Result "0-1"]
[WhiteTitle "FM"]
[BlackTitle "IM"]
[WhiteElo "2195"]
[BlackElo "2293"]
[WhiteFideId "301388"]
[BlackFideId "3801110"]
[EventDate "2025.06.10"]

1. d4 d5 2. c4 e6 3. Nc3 Nf6 4. Bg5 c6 5. e3 Be7 6. Nf3 h6 7. Bh4 Nbd7 8. Qc2 b6
9. cxd5 exd5 10. Bd3 Bb7 11. O-O O-O 12. Rfe1 b5 13. a3 a5 14. Rac1 Nb6 15. Nb1
Nc4 16. a4 Ba6 17. b3 Na3 18. Qxc6 Qb8 19. Nxa3 Bxa3 20. Bxf6 Bb7 21. Qd7 Bxc1
22. Qf5 g6 23. Qh3 Ra6 24. Be5 Qe8 25. Rxc1 f6 26. Bg3 Qf7 27. Qxh6 Qg7 28. Qxg6
Qxg6 29. Bxg6 Rc8 30. Re1 bxa4 31. bxa4 Bc6 0-1

[Event "Titled Tue 10th Jun Late"]
[Site "chess.com INT"]
[Date "2025.06.10"]
[Round "2"]
[White "Mekhitarian, Krikor Sevag"]
[Black "Norman, Kseniya"]
[Result "1-0"]
[WhiteTitle "GM"]
[BlackTitle "WFM"]
[WhiteElo "2564"]
[BlackElo "2069"]
[WhiteFideId "2107660"]
[BlackFideId "13518780"]
[EventDate "2025.06.10"]

1. Nf3 Nf6 2. c4 g6 3. Nc3 Bg7 4. e4 d6 5. d4 O-O 6. h3 e5 7. dxe5 dxe5 8. Qxd8
Rxd8 9. Bg5 Re8 10. Nd5 Nxd5 11. cxd5 c6 12. Bc4 b5 13. Bb3 c5 14. a4 c4 15. Bd1
f5 16. axb5 fxe4 17. Nd2 Bb7 18. Nxc4 Bxd5 19. Ne3 Be6 20. Bc2 Nd7 21. Bxe4 Rab8
22. Bc6 h6 23. Bh4 e4 24. Rxa7 g5 25. Bg3 Rbd8 26. Bc7 Rc8 27. Bg3 Rcd8 28. O-O
Bd4 29. Rc7 Rf8 30. Bxe4 Bxb2 31. b6 Nf6 32. Bf3 Bd4 33. Rc6 Bd7 34. Rd6 Bc5 35.
Rxf6 Rxf6 36. b7 Ba7 37. Nd5 Bb8 38. Nxf6+ Kf7 39. Bxb8 Rxb8 40. Nxd7 1-0

[Event "Titled Tue 10th Jun Late"]
[Site "chess.com INT"]
[Date "2025.06.10"]
[Round "2"]
[White "Ragger, Markus"]
[Black "Pullela, Sricharan"]
[Result "1-0"]
[WhiteTitle "GM"]
[WhiteElo "2566"]
[BlackElo "2144"]
[WhiteFideId "1610856"]
[BlackFideId "30951089"]
[EventDate "2025.06.10"]

1. d4 Nf6 2. Nf3 c5 3. c4 e6 4. d5 exd5 5. cxd5 d6 6. Nc3 g6 7. Bf4 Bg7 8. e3
O-O 9. h3 a6 10. a4 Re8 11. Be2 Ne4 12. Nxe4 Rxe4 13. Nd2 Rb4 14. O-O Bxb2 15.
Nc4 Bxa1 16. Qxa1 Nd7 17. Bxd6 Nf6 18. Bxc5 Rb3 19. Nd6 b6 20. Bd4 Qxd6 21. Bxf6
Bf5 22. Bh8 Qf8 23. d6 Bd3 24. Bf3 Rd8 25. Rc1 Rxd6 26. Kh2 f6 27. Qa2 Kxh8 28.
Qxb3 Kg7 29. Rc7+ Kh6 30. Qb4 g5 31. Rd7 Rxd7 32. Qxf8+ Kg6 33. e4 Bc4 34. Bg4
Rf7 35. Bf5+ Kh5 36. g4+ Kh4 37. Qh6# 1-0

[Event "Titled Tue 10th Jun Late"]
[Site "chess.com INT"]
[Date "2025.06.10"]
[Round "2"]
[White "Ansat, Aldiyar"]
[Black "Le, Tuan Minh"]
[Result "0-1"]
[WhiteTitle "IM"]
[BlackTitle "GM"]
[WhiteElo "2489"]
[BlackElo "2598"]
[WhiteFideId "13715658"]
[BlackFideId "12401153"]
[EventDate "2025.06.10"]

1. e4 e5 2. Nf3 Nc6 3. Bb5 a6 4. Ba4 Bc5 5. c3 Nge7 6. O-O Ng6 7. d4 Ba7 8. Bxc6
dxc6 9. Nxe5 Nxe5 10. dxe5 Qe7 11. Qf3 Qxe5 12. Be3 c5 13. Bf4 Qe7 14. Qg3 O-O
15. Nd2 Bb6 16. a4 a5 17. e5 Bf5 18. Nc4 Qe6 19. Ne3 Bg6 20. h4 Rad8 21. Rfd1 c4
22. Bg5 Rd3 23. Rxd3 cxd3 24. Rd1 Re8 25. Bf4 h5 26. Rd2 Qa2 27. Qg5 Qxa4 28.
Nf5 Qe4 29. Ne7+ Kh7 30. Nxg6 fxg6 31. Bg3 Rf8 32. Kh2 Rf5 33. Qd8 g5 34. Qxd3
Qxd3 35. Rxd3 gxh4 36. Bxh4 g5 37. e6 gxh4 0-1

[Event "Titled Tue 10th Jun Late"]
[Site "chess.com INT"]
[Date "2025.06.10"]
[Round "2"]
[White "Olund, Joar"]
[Black "Rosenberg, Evan S"]
[Result "1-0"]
[WhiteTitle "FM"]
[WhiteElo "2369"]
[BlackElo "1989"]
[WhiteFideId "1714848"]
[BlackFideId "2019299"]
[EventDate "2025.06.10"]

1. d4 d5 2. Nf3 Nf6 3. Bf4 c5 4. e3 Nc6 5. Nbd2 Bg4 6. c3 e6 7. Qb3 Qc8 8. h3
Bf5 9. Nh4 Bg6 10. Nxg6 hxg6 11. Be2 cxd4 12. cxd4 Bb4 13. f3 Bxd2+ 14. Kxd2 O-O
15. Rac1 Qd7 16. Bb5 Rac8 17. Ke2 a6 18. Bxc6 Rxc6 19. Rxc6 Qxc6 20. Qc3 Rc8 21.
Qxc6 Rxc6 22. Kd2 Nd7 23. Rc1 Rxc1 24. Kxc1 f6 25. Bd6 Kf7 26. b3 e5 27. Kd2 Ke6
28. Ba3 b5 29. Bb4 Nb8 30. g4 Nc6 31. Bc5 a5 32. a3 a4 33. bxa4 bxa4 34. Kc3 Na5
35. Kb4 Nc4 36. Kxa4 Nxe3 37. dxe5 Nc4 38. exf6 gxf6 39. Kb5 Nxa3+ 40. Bxa3 Ke5
41. Kc5 Kf4 42. Kxd5 Kxf3 43. Ke6 Kg3 44. Kxf6 Kxh3 45. g5 Kg4 46. Kxg6 Kf4 47.
Kf6 Ke4 48. g6 Kd3 49. g7 Kc3 50. g8=Q Kc2 51. Qd5 Kc3 52. Ke5 Kc2 53. Ke4 Kc3
54. Ke3 Kc2 55. Qc4+ 1-0

[Event "Titled Tue 10th Jun Late"]
[Site "chess.com INT"]
[Date "2025.06.10"]
[Round "2"]
[White "Zilberstein, Dmitry"]
[Black "Kilic, Eray"]
[Result "0-1"]
[WhiteTitle "IM"]
[BlackTitle "IM"]
[WhiteElo "2358"]
[BlackElo "2474"]
[WhiteFideId "2010739"]
[BlackFideId "44517173"]
[EventDate "2025.06.10"]

1. e4 e5 2. Nf3 d5 3. d4 dxe4 4. Nxe5 Bd6 5. Nc3 Bxe5 6. dxe5 Qxd1+ 7. Nxd1 Nc6
8. Nc3 Bf5 9. Bf4 Nge7 10. Bb5 O-O-O 11. O-O h6 12. Rfe1 Nd4 13. Ba4 Ng6 14. Bg3
h5 15. h4 e3 16. fxe3 Nxc2 17. e4 Nxe1 18. exf5 Ne7 19. f6 gxf6 20. exf6 Nf3+
21. gxf3 Nf5 22. Bf2 Rd3 23. Bc2 Rg8+ 24. Kf1 Rxf3 25. Ke2 Rf4 26. Nd5 Re8+ 27.
Kf1 Ne3+ 28. Nxe3 Rxe3 29. Re1 Rxe1+ 30. Kxe1 Rxf6 31. Be3 Kd7 32. Bg5 Ra6 33.
a3 Ke6 34. Ke2 f6 35. Bf4 Rc6 36. Bg6 Rc5 37. Kd3 c6 38. b4 Rd5+ 39. Ke4 f5+ 40.
Ke3 Rd1 41. Bxh5 Rh1 42. Bg5 Ra1 43. Bf3 Rxa3+ 44. Kf4 Rb3 45. h5 Rxb4+ 46. Kg3
Kf7 47. h6 Kg6 48. Bh5+ Kh7 49. Bd1 a5 50. Bc2 Rg4+ 51. Kh3 Rxg5 0-1

[Event "Titled Tue 10th Jun Late"]
[Site "chess.com INT"]
[Date "2025.06.10"]
[Round "2"]
[White "Fadi, Marko"]
[Black "Tanriverdi, Enes"]
[Result "0-1"]
[WhiteTitle "FM"]
[BlackTitle "IM"]
[WhiteElo "2298"]
[BlackElo "2413"]
[WhiteFideId "10605371"]
[BlackFideId "34543279"]
[EventDate "2025.06.10"]

1. c4 g6 2. g3 Bg7 3. Bg2 f5 4. Nf3 Nf6 5. O-O O-O 6. Nc3 d6 7. d4 c6 8. d5 e5
9. dxe6 Bxe6 10. b3 Na6 11. Bf4 Nh5 12. Bd2 Nc5 13. Rc1 Qe7 14. Bg5 Qc7 15. Qd2
f4 16. Bxf4 Nxf4 17. gxf4 Bxc3 18. Qxc3 Rxf4 19. Qe3 Re4 20. Qd2 Rf8 21. Rcd1 d5
22. Ng5 Rh4 23. h3 dxc4 24. Qb4 b6 25. Rc1 a5 26. Qa3 Bd5 27. e4 Nxe4 28. Bxe4
Rxe4 29. Nxe4 Bxe4 30. bxc4 Rf3 31. Rc3 Qf4 32. Rxf3 Bxf3 33. Qe3 Qf5 34. Kh2 c5
35. Re1 Bc6 36. Qe6+ Qf7 37. Qc8+ Kg7 38. Re2 Qf4+ 39. Kg1 Qc1+ 40. Kh2 Qh1+ 41.
Kg3 Qf3+ 42. Kh2 Qg2# 0-1

[Event "Titled Tue 10th Jun Late"]
[Site "chess.com INT"]
[Date "2025.06.10"]
[Round "2"]
[White "Shandrygin, Nikita"]
[Black "Dominguez, Ramiro"]
[Result "1-0"]
[WhiteTitle "FM"]
[BlackTitle "FM"]
[WhiteElo "2209"]
[BlackElo "2210"]
[WhiteFideId "24198668"]
[BlackFideId "4420055"]
[EventDate "2025.06.10"]

1. e4 e5 2. Nf3 Nc6 3. d4 exd4 4. c3 dxc3 5. Nxc3 Bb4 6. Bc4 Nf6 7. e5 d5 8.
exf6 dxc4 9. Qe2+ Be6 10. fxg7 Rg8 11. Bd2 Qd3 12. Qxd3 cxd3 13. Ne4 Bxd2+ 14.
Kxd2 O-O-O 15. a3 Rxg7 16. g3 Bd5 17. Rhe1 f5 18. Neg5 h6 19. Ne6 Bxe6 20. Rxe6
f4 21. Rae1 fxg3 22. fxg3 Rf7 23. R1e3 Na5 24. R6e4 Nb3+ 25. Kd1 Nc5 26. Re8
Rxe8 27. Rxe8+ Kd7 28. Re3 Kd6 29. b4 Ne4 30. Rxd3+ Ke6 31. Ke2 b6 32. Nd4+ Ke5
33. Nc6+ Kf5 34. Rf3+ Kg6 35. Ne5+ 1-0

[Event "Titled Tue 10th Jun Late"]
[Site "chess.com INT"]
[Date "2025.06.10"]
[Round "2"]
[White "Dudzinski, Pawel"]
[Black "Perez Rojas, Jorge"]
[Result "0-1"]
[WhiteTitle "FM"]
[BlackTitle "FM"]
[WhiteElo "2191"]
[BlackElo "2100"]
[WhiteFideId "1117890"]
[BlackFideId "3452093"]
[EventDate "2025.06.10"]

1. e4 c5 2. Nc3 Nc6 3. g3 g6 4. d3 Bg7 5. Be3 d6 6. Qd2 h5 7. h3 e6 8. Bg2 Nge7
9. Nge2 b6 10. d4 Bb7 11. O-O-O Qc7 12. Nb5 Qb8 13. dxc5 dxc5 14. Qd6 O-O 15. f4
a6 16. Qxb8 Raxb8 17. Nd6 Ba8 18. c4 e5 19. f5 Nd4 20. Bxd4 exd4 21. f6 Bxf6 22.
e5 Bg5+ 23. Kb1 Bxg2 24. Rhe1 Bxh3 25. Ka1 Nc6 26. Ne4 Be7 27. Nf4 Bg4 28. Rb1
Rfe8 29. Nd5 Bf5 30. Ndf6+ Bxf6 31. Nxf6+ Kh8 32. Nxe8 Bxb1 33. Nd6 Bf5 34.
Nxf7+ Kg7 35. Nd6 Be6 36. b3 Rf8 37. Ne4 Rf5 38. g4 hxg4 39. Ng3 Rxe5 40. Rf1
Bf5 41. Kb2 Nb4 42. a3 Nd3+ 43. Ka2 Kf6 44. a4 Re3 45. Nh1 Re2+ 46. Ka3 Nb4 47.
Ra1 Nc2+ 48. Kb2 Nxa1+ 49. Ka3 Nc2+ 50. Kb2 Nb4+ 51. Kc1 d3 52. Ng3 Rg2 53. a5
d2+ 54. Kb2 Bc2 55. axb6 d1=Q 56. b7 Qb1+ 57. Kc3 Qa2 58. b8=Q Qa1# 0-1

[Event "Titled Tue 10th Jun Late"]
[Site "chess.com INT"]
[Date "2025.06.10"]
[Round "2"]
[White "Kovacsy, Barnabas"]
[Black "Zepeda Berlanga, Jan Enrique"]
[Result "0-1"]
[WhiteTitle "FM"]
[BlackTitle "CM"]
[WhiteElo "2251"]
[BlackElo "1984"]
[WhiteFideId "769290"]
[BlackFideId "5132355"]
[EventDate "2025.06.10"]

1. e4 e5 2. Nf3 Nc6 3. Bb5 a6 4. Bxc6 dxc6 5. Nc3 Bd6 6. d4 exd4 7. Qxd4 f6 8.
Be3 Ne7 9. O-O-O O-O 10. Qc4+ Kh8 11. e5 fxe5 12. Nxe5 Qe8 13. Nf3 Nf5 14. Bg5
Be6 15. Qd3 Qf7 16. Rhe1 h6 17. g4 hxg5 18. gxf5 Qxf5 19. Nd4 Qxd3 20. Rxd3 Bc4
21. Rh3+ Kg8 22. b3 Bf7 23. Nf5 Bf4+ 24. Kb2 g6 25. Nh6+ Kg7 26. Re7 Rae8 27.
Rd7 Kf6 28. f3 Be6 29. Ne4+ Ke5 30. Ng4+ Bxg4 31. fxg4 Kxe4 32. Rhd3 Be5+ 0-1